A Comenius Egyetem BTK Magyar Nyelv és Irodalom Tanszéke

Bibliographic Details
Main Author: Dušík, Anikó, 1963- (Author)
Format: Article
Language:Hungarian
PhysicalDescription:Fotogr.
Subjects:

MARC

LEADER 00000nab a2200000 ar4500
001 vtls009514108
003 SK-MaSNL
005 20260318124641.0
008 090519c2009 xo |||||||| 000 b|hun
015 |a SNBRB2009/03  |2 snkbucl 
038 |a SNKBUCL 
040 |a DSZK  |b slo  |c DSZK  |e AACR2 
041 0 |a hun 
044 |a xo  |c SK 
080 |a 378.4  |x (437.6)  |2 1997 
080 |a 378.096:811.511.141:82  |2 1997 
100 1 |a Dušík, Anikó,  |d 1963-  |4 aut 
245 1 0 |a A Comenius Egyetem BTK Magyar Nyelv és Irodalom Tanszéke  |c Dušík Anikó 
300 |b Fotogr. 
500 |a Obsahuje zoznam spolupracovníkov katedry maďarského jazyka a literatúry 
500 |a Na s. 13 Informácie pre budúcich poslucháčov 
500 |a Na s. 9 vyznanie pedagóga katedry Zoltána Csehyho 
610 2 7 |a Univerzita Komenského v Bratislave.  |b Filozofická fakulta.  |b Katedra maďarského jazyka a literatúry  |2 SNKKA  |9 106414 
773 0 |t Vasárnap  |g Évf. 42, sz. 9 (2009) 
773 0 8 |i Mell.:  |t Ki kicsoda a szlovákiai magyar kultúrában? : Felsőoktatás  |g Sz. 1 (2009), o. 12 
852 |a SNK  |b KIS3GCP 
852 |a DSZK  |b KIS3GCP 
957 |a Bratislava (Slovensko) 
958 |a HU 
958 |a SK 
999 |c 2235524  |d 2237454